000 00833nam a2200205 a 4500
008 101029s2008 ||||||||||||||||| || u
020 _a9780195308266
050 _aTJ 223.P76 Cad
100 _aCady, Fredrick M., 1942-
245 1 0 _aSoftware and hardware engineering: assembling and C programming for the Freescale HCS12 microcontroller. -- 2nd ed.
250 _a2nd ed.
260 _aOxford
_bOxford University Press
_c2008
300 _axvii, 750p.: ill. + CD-ROM
350 _a0.00
500 _aAccompanied by a CD-ROM. (See Cybrary staff)
650 _aCOMPUTERS
650 _aPROGRAMMABLE CONTROLLERS
650 7 _aSOFTWARE ENGINEERING
_2gnd
995 _D0.00
_FCBU-MAIN LIBRARY (Kitwe)
_H1
_I0.00
_M1
_UAVAILABLE
_WDec 16, 2010
_ZMain Library Open Access Collection
999 _c57824
_d57824